01186 a2200205 4500003000500000005001700005010001600022020003500038040000900073082001600082100002400098245007600122260003500198300003400233505049200267650003700759650002400796856008600820856007400906Nust20230124122800.0 a 00048432 a0240803574 (pbk. : alk. paper) cNust00a384.554,TAS1 aVan Tassel, Joan M.10aDigital TV over broadband : bharvesting bandwidth / cJoan Van Tassel. aBoston :bFocal Press,cc2001. axiv, 594 p. :bill. ;c24 cm. aThe Digital Destiny (Page-1), From Show Biz to Show Bits (Page-25), Digit logy 101 (Page-44), High-Definition Television (Page-76), Digital Shape-Shifting (Page-121), Two-Facing TV (Page-154), From Network TV to Networked TV (Page-185), Fiber Fever (Page-210), Wired Bit pipes .1 (Page-257), Wired Bit pipes .2 (Page-296), Wireless Bit pipes (Page-322), Living Digitally (Page-375), From Reel (Movies) to Real (Networks) (Page-410), Cache Flow (Page-467), Brave New WW World (Page-505). 0aBroadband communication systems. 0aDigital television.423Publisher descriptionuhttp://www.loc.gov/catdir/description/els031/00048432.html423Table of contentsuhttp://www.loc.gov/catdir/toc/els031/00048432.html